000 00564nam a2200181 a 4500
001 000025249
005 20200930023647.0
008 110211nuuuuuuuuck r 000 0 spa d
040 _aDO-SdBNP
_bspa
_cBNPHU
082 _axxxxx
_bS527h
100 1 _aShakespeare, William,
_d1564-1616
_96748
245 1 0 _aHamlet /
_cWilliam Shakespeare ; introducción Luis Astrana Marín.
260 _aMedellín, Colombia :
_bBedout,
_c[19??].
300 _a130 p. ;
_c18.5 cm.
490 1 _aBolsilibros Bedout ;
_v37
830 0 _aBolsilibros Bedout ;
_n37
_951745
049 _aBNGR
999 _c24742
_d24742